Superman: (Record no. 47848)
| 000 -LEADER | |
|---|---|
| fixed length control field | 00402nam a2200133 4500 |
| 020 ## - INTERNATIONAL STANDARD BOOK NUMBER | |
| International Standard Book Number | 9780241330159 |
| 100 ## - MAIN ENTRY--PERSONAL NAME | |
| Personal name | Wallace, Daniel |
| 9 (RLIN) | 85662 |
| 245 ## - TITLE STATEMENT | |
| Title | Superman: |
| Remainder of title | the ultimate guide to the man of steel / |
| Statement of responsibility, etc | Daniel Wallace |
| 260 ## - PUBLICATION, DISTRIBUTION, ETC. (IMPRINT) | |
| Place of publication, distribution, etc | Great Britain |
| Name of publisher, distributor, etc | DK |
| Date of publication, distribution, etc | 2017 |
| 300 ## - PHYSICAL DESCRIPTION | |
| Extent | 199 p. |
| Other physical details | col. ill. |
| Dimensions | 28 cm. |
| 650 ## - SUBJECT ADDED ENTRY--TOPICAL TERM | |
| Topical term or geographic name as entry element | The Arts |
| 9 (RLIN) | 85663 |
| 650 ## - SUBJECT ADDED ENTRY--TOPICAL TERM | |
| Topical term or geographic name as entry element | Graphic Arts & decorative Arts |
| 9 (RLIN) | 85664 |
| 942 ## - ADDED ENTRY ELEMENTS (KOHA) | |
| Source of classification or shelving scheme | |
| Koha item type | Book |
| Withdrawn status | Lost status | Source of classification or shelving scheme | Damaged status | Not for loan | Collection code | Home library | Current library | Shelving location | Date acquired | Total Checkouts | Full call number | Barcode | Date last seen | Date checked out | Price effective from | Koha item type |
|---|---|---|---|---|---|---|---|---|---|---|---|---|---|---|---|---|
| Non-Fiction | Asian Hope Primary Library | Asian Hope Primary Library | Non Fiction | 11/08/2024 | 9 | 741.5 WAL | 207005 | 04/08/2026 | 04/01/2026 | 11/08/2024 | Book |